000
00281nam a22001337a 4500
008
171201b xxu||||| |||| 00| 0 eng d
020
_a
654065001
041
_a
eng
080
_a
658.15
100
_a
55
101
_a
SIP
245
_a
THE VITAL FEW
_c
HUGHES, J
942
_2
udc
_c
BK
999
_c
38715
_d
38715